000 00436nam a22001337a 4500
005 20260317095746.0
008 260317b |||||||| |||| 00| 0 eng d
040 _cFLL
041 _2eng
_aeng
100 _aTomar, Neha
_91132239
245 _aLive-In Relationships
_bA Critical Analysis of the Legal Framework in India with Special Reference to Rights of Women and Children
260 _aDU
_bFaculty of Law
_c2024
942 _2CC
_cDIS
999 _c1715581
_d1715581